| 000 | 00796nam a22001817a 4500 | ||
|---|---|---|---|
| 999 |
_c15036 _d15036 |
||
| 003 | OSt | ||
| 082 | _2631.3 AYI/EF | ||
| 088 | _aP 277 | ||
| 100 |
_aAYISHA MANGAT _aNITHIN J. G _aSARANYA R. NATH _93878 |
||
| 245 | _aEfficiency improvement of an axial flow propeller pump installed at Kudumpattupadam kole padavu, Thrissur | ||
| 260 |
_aTavanur 2014 _bDepartment of Farm Power Machinery and Energy |
||
| 300 | _a40 | ||
| 500 | _aEfficiency improvement of an axial flow propeller pump installed at Kudumpattupadam kole padavu, Thrissur | ||
| 520 | _aEfficiency improvement of an axial flow propeller pump installed at Kudumpattupadam kole padavu, Thrissur | ||
| 700 |
_aDr. Jayan P. R (Guide) _93380 |
||
| 856 | _uhttps://drive.google.com/open?id=1hzYn8MmvuZSvg2t24ZXFxQhqRjPMQK_8 | ||
| 942 | _cPR | ||